<?xml version="1.0" encoding="UTF-8"?>
<record
    xmlns:xsi="http://www.w3.org/2001/XMLSchema-instance"
    xsi:schemaLocation="http://www.loc.gov/MARC21/slim http://www.loc.gov/standards/marcxml/schema/MARC21slim.xsd"
    xmlns="http://www.loc.gov/MARC21/slim">

  <leader>00823nam a2200241 u 4500</leader>
  <controlfield tag="001">000062180</controlfield>
  <controlfield tag="005">20200120224209.0</controlfield>
  <controlfield tag="008">140716s2007    ck     gr|    000 0 spa d</controlfield>
  <datafield tag="041" ind1="0" ind2=" ">
    <subfield code="a">Yspa</subfield>
  </datafield>
  <datafield tag="043" ind1=" " ind2=" ">
    <subfield code="a">c-k----</subfield>
  </datafield>
  <datafield tag="082" ind1="0" ind2="4">
    <subfield code="a">305.5</subfield>
    <subfield code="b">S45</subfield>
    <subfield code="2">21</subfield>
  </datafield>
  <datafield tag="110" ind1="1" ind2="1">
    <subfield code="a">Ministerio de Cultura</subfield>
  </datafield>
  <datafield tag="245" ind1="1" ind2="0">
    <subfield code="a">Sin decir nada :</subfield>
    <subfield code="b">gui&#xF3;n y direcci&#xF3;n Diana Carolina Montenegro Garc&#xED;a /</subfield>
    <subfield code="c">[Pel&#xED;cula].</subfield>
  </datafield>
  <datafield tag="260" ind1=" " ind2=" ">
    <subfield code="a">Bogot&#xE1; :</subfield>
    <subfield code="b">Ministerio de Cultura,</subfield>
    <subfield code="c">2007.</subfield>
  </datafield>
  <datafield tag="300" ind1=" " ind2=" ">
    <subfield code="a">1 dvd. (14 min) :</subfield>
    <subfield code="b">son., col. ;</subfield>
    <subfield code="c">12 cm.</subfield>
  </datafield>
  <datafield tag="490" ind1=" " ind2=" ">
    <subfield code="a">Plan Audiovisual Nacional</subfield>
    <subfield code="v">51</subfield>
  </datafield>
  <datafield tag="650" ind1="1" ind2="7">
    <subfield code="a">Cine documental</subfield>
    <subfield code="x">cine</subfield>
    <subfield code="2">LEMB</subfield>
  </datafield>
  <datafield tag="650" ind1="2" ind2="7">
    <subfield code="a">J&#xF3;venes</subfield>
    <subfield code="x">cine</subfield>
    <subfield code="2">LEMB</subfield>
  </datafield>
  <datafield tag="650" ind1="2" ind2="7">
    <subfield code="a">Educaci&#xF3;n</subfield>
    <subfield code="x">j&#xF3;venes</subfield>
    <subfield code="2">LEMB</subfield>
  </datafield>
  <datafield tag="650" ind1="2" ind2="7">
    <subfield code="a">Conflicto</subfield>
    <subfield code="x">(psicolog&#xED;a)</subfield>
    <subfield code="x">cine</subfield>
    <subfield code="2">LEMB</subfield>
  </datafield>
  <datafield tag="650" ind1="2" ind2="7">
    <subfield code="a">Desviaciones sexuales</subfield>
    <subfield code="x">cine</subfield>
    <subfield code="2">LEMB</subfield>
  </datafield>
  <datafield tag="700" ind1="1" ind2=" ">
    <subfield code="a">Montenegro Garc&#xED;a, Diana Carolina</subfield>
    <subfield code="x">directora</subfield>
  </datafield>
  <datafield tag="999" ind1=" " ind2=" ">
    <subfield code="c">8438</subfield>
    <subfield code="d">8438</subfield>
  </datafield>
  <datafield tag="952" ind1=" " ind2=" ">
    <subfield code="0">0</subfield>
    <subfield code="1">0</subfield>
    <subfield code="2">ddc</subfield>
    <subfield code="4">0</subfield>
    <subfield code="7">0</subfield>
    <subfield code="8">MUL</subfield>
    <subfield code="a">BPMOS</subfield>
    <subfield code="b">BPMOS</subfield>
    <subfield code="d">2020-01-20</subfield>
    <subfield code="i">114174</subfield>
    <subfield code="l">0</subfield>
    <subfield code="o">305.5 S45</subfield>
    <subfield code="p">MOS014064</subfield>
    <subfield code="r">2021-01-05</subfield>
    <subfield code="t">dvd.1 ej.1</subfield>
    <subfield code="w">2020-01-20</subfield>
    <subfield code="y">DVD</subfield>
    <subfield code="z">Tres d&#xED;as-Multimedia</subfield>
  </datafield>
</record>
